| 000 | 00845nam a22002177a 4500 | ||
|---|---|---|---|
| 005 | 20140903174931.0 | ||
| 008 | 131212s2012 sp frn 000 0dspa c | ||
| 020 | _a9788499611099 | ||
| 040 |
_aCO-BoUCM _bspa _cAngélica Rojas _dDiana Londoño |
||
| 041 | 0 | 0 | _aspa |
| 100 | 1 |
_aCasilda Béjar, Ramón _952860 |
|
| 245 | 1 | 0 |
_aAmérica Latina emergente _beconomía, desarrollo, industrialización, multilatinas, _cRamón Casilda Béjar |
| 260 |
_aMadrid (España) _bEditorial Universitaria Ramón Areces _c2012 |
||
| 300 | _a144 páginas | ||
| 650 | 7 |
_aDesarrollo económico _zAmérica latina _952861 |
|
| 650 | 7 |
_aMultinacionales _zAmérica latina _952862 |
|
| 651 | 7 |
_aAmérica latina _xComercio exterior _952863 |
|
| 690 |
_942791 _aDesarrollo económico |
||
| 942 |
_a7 _cLIBRO _e1 _mC339a _2DEWEY _h338.9 |
||
| 999 |
_c181081 _d181081 |
||